Sucede que yo soy América / (Record no. 1287)

MARC details
000 -LEADER
campo de control de longitud fija 00775nam a22001817a 4500
008 - DATOS DE LONGITUD FIJA--INFORMACIÓN GENERAL
campo de control de longitud fija 170927s2015 mx||||| |||| 00| 0 spa d
082 04 - NÚMERO DE LA CLASIFICACIÓN DECIMAL DEWEY
Número de clasificación 861
Número de ítem D352s
100 1# - ENTRADA PRINCIPAL--NOMBRE DE PERSONA
Nombre de persona Delgado, Nicole Cecilia.
9 (RLIN) 643
245 10 - MENCIÓN DEL TÍTULO
Título Sucede que yo soy América /
Mención de responsabilidad, etc. Nicole Cecilia Delgado.
250 ## - MENCION DE EDICION
Mención de edición 2a edición.
260 ## - PUBLICACIÓN, DISTRIBUCIÓN, ETC.
Lugar de publicación, distribución, etc. México :
Nombre del editor, distribuidor, etc. Cráter Invertido ; LAEL,
Fecha de publicación, distribución, etc. 2015.
300 ## - DESCRIPCIÓN FÍSICA
Extensión 96 páginas
500 ## - NOTA GENERAL
Nota general Publicación impresa dentro del marco de una residencia en el taller de la Cooperativa Editorial Cráter Invertido en la Colonia San Rafael de la Ciudad de México, durante diciembre de 2015, realizado con el apoyo de Beta-Local y Arts Collaboratory.
653 10 - TÉRMINO DE INDIZACIÓN--NO CONTROLADO
Término no controlado Literatura Latinoamericana
653 10 - TÉRMINO DE INDIZACIÓN--NO CONTROLADO
Término no controlado Poesía
653 10 - TÉRMINO DE INDIZACIÓN--NO CONTROLADO
Término no controlado Escritores americanos
653 10 - TÉRMINO DE INDIZACIÓN--NO CONTROLADO
Término no controlado Traducción libre
Holdings
Estatus retirado Estado de pérdida Fuente del sistema de clasificación o colocación Estado de daño No para préstamo Biblioteca de origen Biblioteca actual Ubicación en estantería Fecha de adquisición Total de préstamos Signatura topográfica completa Código de barras Visto por última vez Precio de reemplazo Tipo de ítem Koha
    Clasificación Decimal Dewey     Biblioteca LadoV Biblioteca LadoV   27/09/2017   861 D352s 004170 27/09/2017 27/09/2017 Material 01